| 000 | 00688nam a22001937a 4500 | ||
|---|---|---|---|
| 999 |
_c17666 _d17666 |
||
| 003 | AR-CdUCM | ||
| 008 | 190509b ||||| |||| 00| 0 spa d | ||
| 040 |
_aMUNICIPALIDAD PROVINCIAL DEL CUSCO _cBIBLIOTECA MUNICIPAL DEL CUSCO |
||
| 082 |
_a320.4 / _bB23 |
||
| 100 |
_aBarcos Julio R. _937804 |
||
| 245 | _aPolítica para intelectuales / | ||
| 260 |
_aBuenos Aires : _bClaridad, |
||
| 300 |
_a181 páginas ; _c19 cm. |
||
| 505 | _aContenido : Política para intelectuales -- El papel de los intelectuales -- El camino -- La revolución -- Sabiduría y política ... | ||
| 650 |
_aIntelectuales. _93971 |
||
| 650 |
_aPolítica. _9291 |
||
| 942 |
_2ddc _cLIBROS |
||
| 945 |
_arum _d2019-05-09 |
||